The Street Profits's WrestleMania Opponents - Statistics

General Stats
  • This quiz has been taken 11 times
  • The average score is 14 of 15
Answer Stats
WrestleMania Opponent % Correct
WrestleMania 39 Braun Strowman
100%
WrestleMania 38 Chad Gable
100%
WrestleMania 39 Chad Gable
100%
WrestleMania 39 Erik
100%
WrestleMania 39 Ivar
100%
WrestleMania XL Karrion Kross
100%
WrestleMania 38 Otis
100%
WrestleMania 39 Otis
100%
WrestleMania 38 Randy Orton
100%
WrestleMania 39 Ricochet
100%
WrestleMania 38 Riddle
100%
WrestleMania XL Akam
80%
WrestleMania XL Rezar
80%
WrestleMania 36 Angel Garza
70%
WrestleMania 36 Austin Theory
70%
No matching quizzes found
Score Distribution
Percent of People with Each Score
Percentile by Number Answered
Your Score History
You have not taken this quiz